Meisterstücke Mainzer Möbel des 18. Jahrhunderts (Record no. 3811)

MARC details
000 -CABECERA
campo de control de longitud fija 00795nam a2200241 a 4500
001 - NÚMERO DE CONTROL
campo de control BRCA_4089
005 - FECHA Y HORA DE LA ÚLTIMA TRANSACCIÓN
campo de control 20190320204536.0
008 - DATOS DE LONGITUD FIJA--INFORMACIÓN GENERAL
campo de control de longitud fija 230210s1988----gw-a######---#000-0#ger-#
041 ## - CÓDIGO DE LENGUA
Código de lengua del texto/banda sonora o título independiente ger
044 ## - CÓDIGO DEL PAÍS DE LA ENTIDAD EDITORA/PRODUCTORA
Código MARC del país gw
050 #4 - SIGNATURA TOPOGRÁFICA DE LA BIBLIOTECA DEL CONGRESO
Número de clasificación NK999
Número de documento/Ítem .Z56 1988
100 1# - ENTRADA PRINCIPAL--NOMBRE DE PERSONA
Nombre de persona Zinnkann, Heidrun
9 (RLIN) 10585
245 10 - MENCIÓN DE TÍTULO
Título Meisterstücke Mainzer Möbel des 18. Jahrhunderts
Mención de responsabilidad, etc. Heidrun Zinnkann.
260 ## - PUBLICACIÓN, DISTRIBUCIÓN, ETC.
Lugar de publicación, distribución, etc. Frankfurt am Main
Nombre del editor, distribuidor, etc. Museum für Kunsthandwerk Frankfurt am Main
Fecha de publicación, distribución, etc. 1988
300 ## - DESCRIPCIÓN FÍSICA
Extensión 154 p.
Otras características físicas il.
Dimensiones 29 cm.
500 ## - NOTA GENERAL
Nota general Incluye datos biográficos, glosario y lista de nombres
500 ## - NOTA GENERAL
Nota general Ejemplar engargolado
500 ## - NOTA GENERAL
Nota general Por política no se presta a domicilio
650 14 - PUNTO DE ACCESO ADICIONAL DE MATERIA--TÉRMINO DE MATERIA
Término de materia o nombre geográfico como elemento de entrada Artes decorativas
Subdivisión geográfica Alemania
9 (RLIN) 10586
650 14 - PUNTO DE ACCESO ADICIONAL DE MATERIA--TÉRMINO DE MATERIA
Término de materia o nombre geográfico como elemento de entrada Museo de artes decorativas
Subdivisión geográfica Alemania
9 (RLIN) 10587
902 ## - CATALOGADOR
Iniciales eng
942 ## - ELEMENTOS DE PUNTO DE ACCESO ADICIONAL (KOHA)
Fuente del sistema de clasificación o colocación Library of Congress Classification
Tipo de ítem Koha Libros
Holdings
Estado de retiro Estado de pérdida Estado dañado No para préstamo Localización permanente Ubicación/localización actual Fecha de adquisición Total de préstamos Signatura topográfica completa Código de barras Fecha visto por última vez Precio válido a partir de Tipo de ítem Koha
El ejemplar forma parte de la colección y puede ser consultado según las políticas vigentes.       Biblioteca del Museo Franz Mayer (Rogerio Casas-Alatriste) Biblioteca del Museo Franz Mayer (Rogerio Casas-Alatriste) 23/02/2010   NK999 .Z56 1988 ENG00031 22/03/2019 22/03/2019 Libros